| 000 | 00828nam a2200253Ia 4500 | ||
|---|---|---|---|
| 005 | 20250425162733.0 | ||
| 008 | 250425s9999 xx 000 0 und d | ||
| 020 | _a0939773481 | ||
| 041 | _aeng | ||
| 082 |
_a623.8 _pROW |
||
| 100 | _aRowen, Alan L | ||
| 245 | 0 |
_aIntroduction To Practical Marine Engineering. Volume 2: Figures _cAlan L. Rowen; Raymond F. Gardner; José Femenia; David S. Chapman; Edwin G. Wiggins |
|
| 250 | _a1a. edición | ||
| 260 |
_aNew York _bThe Society Of Naval Architects And Marine Engineers _c2005 |
||
| 300 |
_a225 p. _c27.4 cm. |
||
| 500 | _aContenido | ||
| 650 | _aIngeniería Naval | ||
| 700 |
_aChapman, David S. _eCoautor |
||
| 700 |
_aFemenia, Jose _eCoautor |
||
| 700 |
_aGardner, Raymond F. _eCoautor |
||
| 700 |
_aWiggins, Edwin G. _eCoautor |
||
| 942 | _c01 | ||
| 010 | _a104291 | ||
| 999 |
_c235400 _d235400 |
||